Statistics for Biggest Asian Cities by Letter - S

Click here to take the quiz!

General Stats

  • This quiz has been taken 59 times
  • The average score is 10 of 20

Answer Stats

CountryPopulationCity% Correct
South Korea24.8 milSeoul
100%
China33.6 milShanghai
100%
Yemen2.80 milSana'a
95%
Singapore7.90 milSingapore
90%
Indonesia6.10 milSurabaya
83%
Japan2.50 milSapporo
83%
India6.60 milSurat
71%
China8.00 milShenyang
63%
Iran1.77 milShiraz
61%
China7.65 milShantou
54%
China4.62 milShijiazhuang
46%
Indonesia2.25 milSemarang
44%
Japan1.50 milSendai
39%
China1.13 milSuzhou
29%
India1.60 milSrinagar
17%
Indonesia1.63 milSurakarta
15%
Japan1.14 milShizuoka
10%
India1.11 milSalem
10%
Indonesia1.15 milSerang
7%
India1.09 milSolapur
2%

Score Distribution

Percentile by Number Answered

Percent of People with Each Score

Your Score History

You have not taken this quiz